Bible poetry. (Record no. 16951)

000 -LEADER
fixed length control field 00530nam a2200181 a 4500
001 - CONTROL NUMBER
control field :::00020295$&:&@@
003 - CONTROL NUMBER IDENTIFIER
control field OkBaRHE
005 - DATE AND TIME OF LATEST TRANSACTION
control field 20100331124058.0
008 - FIXED-LENGTH DATA ELEMENTS--GENERAL INFORMATION
fixed length control field s1973 j 000 0 eng u
040 ## - CATALOGING SOURCE
Transcribing agency
100 1# - MAIN ENTRY--PERSONAL NAME
Personal name Hall, Newton M., and Wood, Irving F.
245 10 - TITLE STATEMENT
Title Bible poetry.
260 ## - PUBLICATION, DISTRIBUTION, ETC. (IMPRINT)
Place of publication, distribution, etc Chicago
Name of publisher, distributor, etc John Rudin & Company
Date of publication, distribution, etc 1973
300 ## - PHYSICAL DESCRIPTION
Extent 534 p.
490 0# - SERIES STATEMENT
Series statement The Book of Life
942 ## - ADDED ENTRY ELEMENTS (KOHA)
Source of classification or shelving scheme
Koha item type Books
Copies
Copy number Date last seen Not for loan Permanent Location Barcode Koha item type Price effective from Damaged status Withdrawn status Shelving location Date acquired Lost status Full call number Source of classification or shelving scheme
12018-02-20 RHEMA Bible Training College20295Books2010-04-14  General Stacks2010-04-14 BS 551 .A3 V. 6